[Event "DEM U14w 2024"]
[Site "Willingen GER"]
[Date "2024.05.23"]
[Round "7"]
[White "Czäczine, Paula"]
[Black "Ignatova, Gabriela"]
[Result "1-0"]
[Termination "normal"]
[Board "7"]
[WhiteElo "1808"]
[BlackElo "1552"]
[WhiteClock "00:10:29"]
[BlackClock "00:20:09"]
[PlyCount "79"]
[WhiteFideId "16249305"]
[BlackFideId "34623698"]
[EventCountry "GER"]
[EventRounds "9"]
[EventType "swiss"]
[EventDate "2024.05.18"]

1. e4 {[%clk 01:30:55]} {[%emt 00:00:07]} c5 {[%clk 01:30:56]} {[%emt
00:00:12]} 2. Nf3 {[%clk 01:31:21]} {[%emt 00:00:09]} e6 {[%clk 01:31:18]}
{[%emt 00:00:15]} 3. d4 {[%clk 01:31:41]} {[%emt 00:00:07]} cxd4 {[%clk
01:31:43]} {[%emt 00:00:03]} 4. Nxd4 {[%clk 01:32:06]} {[%emt 00:00:07]} a6
{[%clk 01:32:02]} {[%emt 00:00:11]} 5. c4 {[%clk 01:31:41]} {[%emt 00:00:37]}
Nf6 {[%clk 01:31:05]} {[%emt 00:01:27]} 6. Nc3 {[%clk 01:32:00]} {[%emt
00:00:10]} Qc7 {[%clk 01:31:29]} {[%emt 00:00:06]} 7. a3 {[%clk 01:29:15]}
{[%emt 00:03:16]} Nc6 {[%clk 01:28:39]} {[%emt 00:03:19]} 8. Be3 {[%clk
01:28:11]} {[%emt 00:01:35]} Be7 {[%clk 01:25:43]} {[%emt 00:03:25]} 9. Be2
{[%clk 01:26:38]} {[%emt 00:02:04]} O-O {[%clk 01:21:02]} {[%emt 00:05:11]} 10.
O-O {[%clk 01:26:22]} {[%emt 00:00:46]} Rd8 {[%clk 01:20:36]} {[%emt 00:00:56]}
11. Nb3 {[%clk 01:08:17]} {[%emt 00:18:35]} b6 {[%clk 01:18:29]} {[%emt
00:02:38]} 12. Rc1 {[%clk 01:05:02]} {[%emt 00:03:44]} Bb7 {[%clk 01:15:19]}
{[%emt 00:03:40]} 13. Na4 {[%clk 00:58:16]} {[%emt 00:07:16]} b5 {[%clk
01:09:43]} {[%emt 00:06:05]} 14. Bb6 {[%clk 00:50:43]} {[%emt 00:08:03]} Qe5
{[%clk 01:05:55]} {[%emt 00:04:17]} 15. Bxd8 {[%clk 00:48:31]} {[%emt
00:02:43]} Bxd8 {[%clk 01:05:35]} {[%emt 00:00:50]} 16. Nac5 {[%clk 00:46:36]}
{[%emt 00:02:25]} Bc8 {[%clk 01:02:51]} {[%emt 00:03:14]} 17. cxb5 {[%clk
00:40:08]} {[%emt 00:06:59]} axb5 {[%clk 00:59:02]} {[%emt 00:04:19]} 18. Qc2
{[%clk 00:38:00]} {[%emt 00:02:38]} g5 {[%clk 00:53:25]} {[%emt 00:06:07]} 19.
Qc3 {[%clk 00:31:50]} {[%emt 00:06:39]} Bc7 {[%clk 00:45:46]} {[%emt 00:08:09]}
20. Qxe5 {[%clk 00:30:48]} {[%emt 00:01:32]} Bxe5 {[%clk 00:46:01]} {[%emt
00:00:14]} 21. Rc2 {[%clk 00:29:25]} {[%emt 00:01:54]} Rb8 {[%clk 00:44:37]}
{[%emt 00:01:54]} 22. f3 {[%clk 00:25:33]} {[%emt 00:04:21]} b4 {[%clk
00:40:18]} {[%emt 00:04:50]} 23. a4 {[%clk 00:24:43]} {[%emt 00:01:21]} Nd4
{[%clk 00:33:46]} {[%emt 00:07:02]} 24. Nxd4 {[%clk 00:21:47]} {[%emt
00:03:26]} Bxd4+ {[%clk 00:33:57]} {[%emt 00:00:19]} 25. Kh1 {[%clk 00:22:12]}
{[%emt 00:00:04]} d6 {[%clk 00:30:13]} {[%emt 00:04:14]} 26. Nb3 {[%clk
00:21:04]} {[%emt 00:01:38]} Be5 {[%clk 00:30:12]} {[%emt 00:00:32]} 27. g3
{[%clk 00:19:03]} {[%emt 00:02:30]} Bb7 {[%clk 00:30:03]} {[%emt 00:00:39]} 28.
Kg1 {[%clk 00:15:58]} {[%emt 00:03:35]} d5 {[%clk 00:26:56]} {[%emt 00:03:38]}
29. f4 {[%clk 00:13:03]} {[%emt 00:03:24]} gxf4 {[%clk 00:27:13]} {[%emt
00:00:13]} 30. gxf4 {[%clk 00:13:23]} {[%emt 00:00:10]} Bd6 {[%clk 00:25:36]}
{[%emt 00:02:07]} 31. e5 {[%clk 00:13:26]} {[%emt 00:00:27]} Be7 {[%clk
00:25:47]} {[%emt 00:00:19]} 32. exf6 {[%clk 00:13:40]} {[%emt 00:00:16]} Bd8
{[%clk 00:26:12]} {[%emt 00:00:06]} 33. a5 {[%clk 00:11:24]} {[%emt 00:02:45]}
Bxf6 {[%clk 00:25:50]} {[%emt 00:00:52]} 34. a6 {[%clk 00:11:17]} {[%emt
00:00:37]} Ba8 {[%clk 00:26:02]} {[%emt 00:00:18]} 35. a7 {[%clk 00:11:11]}
{[%emt 00:00:35]} Rd8 {[%clk 00:26:13]} {[%emt 00:00:19]} 36. Rfc1 {[%clk
00:10:48]} {[%emt 00:00:54]} Kg7 {[%clk 00:25:01]} {[%emt 00:01:42]} 37. Rc8
{[%clk 00:10:55]} {[%emt 00:00:23]} Bb7 {[%clk 00:25:10]} {[%emt 00:00:21]} 38.
Ba6 {[%clk 00:10:09]} {[%emt 00:01:15]} Rxc8 {[%clk 00:19:49]} {[%emt
00:05:52]} 39. Rxc8 {[%clk 00:10:22]} {[%emt 00:00:17]} Bxa6 {[%clk 00:20:09]}
{[%emt 00:00:10]} 40. a8=Q {[%clk 00:10:29]} {[%emt 00:00:24]} 1-0

[Event "DEM U14w 2024"]
[Site "Willingen GER"]
[Date "2024.05.23"]
[Round "7"]
[White "Richter, Anastasia"]
[Black "Neumeier, Valentina"]
[Result "0-1"]
[Termination "normal"]
[Board "8"]
[WhiteElo "1562"]
[BlackElo "1805"]
[WhiteClock "00:01:13"]
[BlackClock "00:07:33"]
[PlyCount "142"]
[WhiteFideId "34659099"]
[BlackFideId "34608222"]
[EventCountry "GER"]
[EventRounds "9"]
[EventType "swiss"]
[EventDate "2024.05.18"]

1. e4 {[%clk 01:30:58]} e5 {[%clk 01:30:56]} {[%emt 00:00:06]} 2. Nf3 {[%clk
01:31:18]} {[%emt 00:00:22]} Nc6 {[%clk 01:31:21]} {[%emt 00:00:10]} 3. Bc4
{[%clk 01:31:42]} {[%emt 00:00:07]} Bc5 {[%clk 01:31:46]} {[%emt 00:00:03]} 4.
c3 {[%clk 01:32:08]} {[%emt 00:00:03]} Nf6 {[%clk 01:32:09]} {[%emt 00:00:09]}
5. d4 {[%clk 01:32:34]} {[%emt 00:00:03]} exd4 {[%clk 01:32:33]} {[%emt
00:00:05]} 6. cxd4 {[%clk 01:32:59]} {[%emt 00:00:03]} Bb4+ {[%clk 01:32:59]}
{[%emt 00:00:08]} 7. Nbd2 {[%clk 01:33:20]} {[%emt 00:00:08]} Bxd2+ {[%clk
01:29:56]} {[%emt 00:03:18]} 8. Bxd2 {[%clk 01:29:33]} {[%emt 00:04:15]} Nxe4
{[%clk 01:26:23]} {[%emt 00:04:03]} 9. d5 {[%clk 01:25:06]} {[%emt 00:04:56]}
Ne7 {[%clk 01:25:32]} {[%emt 00:01:22]} 10. O-O {[%clk 01:24:16]} {[%emt
00:01:20]} O-O {[%clk 01:24:20]} {[%emt 00:01:42]} 11. Re1 {[%clk 01:11:59]}
{[%emt 00:12:46]} Nxd2 {[%clk 01:23:17]} {[%emt 00:01:35]} 12. Qxd2 {[%clk
01:12:15]} {[%emt 00:00:11]} d6 {[%clk 01:22:45]} {[%emt 00:01:03]} 13. Rac1
{[%clk 00:56:27]} {[%emt 00:16:18]} Bg4 {[%clk 01:16:23]} {[%emt 00:06:53]} 14.
Nd4 {[%clk 00:43:55]} {[%emt 00:13:00]} Ng6 {[%clk 01:11:48]} {[%emt 00:05:08]}
15. Bd3 {[%clk 00:38:19]} {[%emt 00:06:05]} Rc8 {[%clk 00:50:45]} {[%emt
00:21:33]} 16. h3 {[%clk 00:28:37]} {[%emt 00:10:10]} Bd7 {[%clk 00:50:03]}
{[%emt 00:01:14]} 17. Nf5 {[%clk 00:20:06]} {[%emt 00:08:59]} Qf6 {[%clk
00:47:08]} {[%emt 00:03:26]} 18. Qc2 {[%clk 00:13:09]} {[%emt 00:07:27]} c6
{[%clk 00:40:30]} {[%emt 00:07:08]} 19. Qc3 {[%clk 00:09:49]} {[%emt 00:03:44]}
Qxc3 {[%clk 00:36:30]} {[%emt 00:04:37]} 20. Rxc3 {[%clk 00:10:06]} {[%emt
00:00:12]} Bxf5 {[%clk 00:36:09]} {[%emt 00:00:52]} 21. Bxf5 {[%clk 00:10:21]}
{[%emt 00:00:14]} Rc7 {[%clk 00:35:54]} {[%emt 00:00:46]} 22. dxc6 {[%clk
00:07:33]} {[%emt 00:03:17]} bxc6 {[%clk 00:33:46]} {[%emt 00:02:39]} 23. Rec1
{[%clk 00:05:44]} {[%emt 00:02:18]} Ne7 {[%clk 00:31:32]} {[%emt 00:02:45]} 24.
Bg4 {[%clk 00:05:27]} {[%emt 00:00:44]} f5 {[%clk 00:30:12]} {[%emt 00:01:53]}
25. Bf3 {[%clk 00:05:48]} {[%emt 00:00:08]} d5 {[%clk 00:28:41]} {[%emt
00:02:02]} 26. Rc5 {[%clk 00:04:29]} {[%emt 00:01:48]} Rd8 {[%clk 00:26:31]}
{[%emt 00:02:40]} 27. b4 {[%clk 00:04:03]} {[%emt 00:00:56]} Rb7 {[%clk
00:25:58]} {[%emt 00:01:04]} 28. Re1 {[%clk 00:02:59]} {[%emt 00:01:32]} Kf7
{[%clk 00:25:20]} {[%emt 00:01:10]} 29. a3 {[%clk 00:02:48]} {[%emt 00:00:40]}
Rd6 {[%clk 00:24:26]} {[%emt 00:01:24]} 30. Rec1 {[%clk 00:02:16]} {[%emt
00:01:02]} Rb6 {[%clk 00:22:49]} {[%emt 00:02:08]} 31. Kf1 {[%clk 00:01:17]}
{[%emt 00:01:29]} Re6 {[%clk 00:22:08]} {[%emt 00:01:11]} 32. Be2 {[%clk
00:01:03]} {[%emt 00:00:42]} Ng6 {[%clk 00:16:37]} {[%emt 00:06:02]} 33. Ra5
{[%clk 00:01:08]} {[%emt 00:00:25]} Re7 {[%clk 00:14:22]} {[%emt 00:02:46]} 34.
Rac5 {[%clk 00:01:21]} {[%emt 00:00:15]} Nf4 {[%clk 00:12:51]} {[%emt
00:02:02]} 35. Re1 {[%clk 00:00:46]} {[%emt 00:01:05]} g6 {[%clk 00:11:37]}
{[%emt 00:01:44]} 36. Rcc1 {[%clk 00:00:44]} {[%emt 00:00:32]} Kf6 {[%clk
00:11:16]} {[%emt 00:00:52]} 37. h4 {[%clk 00:00:58]} {[%emt 00:00:15]} Nxe2
{[%clk 00:08:11]} {[%emt 00:03:35]} 38. Rxe2 {[%clk 00:01:25]} {[%emt
00:00:03]} Rxe2 {[%clk 00:07:12]} {[%emt 00:01:29]} 39. Kxe2 {[%clk 00:01:54]}
{[%emt 00:00:01]} Ke5 {[%clk 00:07:15]} {[%emt 00:00:28]} 40. Rc3 {[%clk
00:00:47]} {[%emt 00:01:37]} Ra6 {[%clk 00:03:30]} {[%emt 00:04:15]} 41. g3
{[%clk 00:00:46]} {[%emt 00:00:29]} Rb6 {[%clk 00:00:34]} {[%emt 00:03:28]} 42.
f3 {[%clk 00:16:46]} {[%emt 00:14:26]} Kd6 {[%clk 00:25:55]} {[%emt 00:05:12]}
43. Kd3 {[%clk 00:15:36]} {[%emt 00:01:39]} a5 {[%clk 00:25:28]} {[%emt
00:00:58]} 44. Rb3 {[%clk 00:13:06]} {[%emt 00:02:59]} axb4 {[%clk 00:24:59]}
{[%emt 00:01:01]} 45. axb4 {[%clk 00:11:14]} {[%emt 00:02:22]} c5 {[%clk
00:21:21]} {[%emt 00:04:07]} 46. bxc5+ {[%clk 00:11:17]} {[%emt 00:00:27]} Kxc5
{[%clk 00:21:45]} {[%emt 00:00:07]} 47. Rc3+ {[%clk 00:11:11]} {[%emt
00:00:35]} Kd6 {[%clk 00:21:53]} {[%emt 00:00:22]} 48. Ra3 {[%clk 00:10:35]}
{[%emt 00:01:01]} Kc5 {[%clk 00:19:31]} {[%emt 00:02:58]} 49. Rc3+ {[%clk
00:10:36]} {[%emt 00:00:26]} Kd6 {[%clk 00:18:54]} {[%emt 00:01:09]} 50. Ra3
{[%clk 00:09:49]} {[%emt 00:01:18]} Rb1 {[%clk 00:16:25]} {[%emt 00:02:59]} 51.
Kc2 {[%clk 00:05:35]} {[%emt 00:04:40]} Rg1 {[%clk 00:16:13]} {[%emt 00:00:45]}
52. f4 {[%clk 00:05:46]} {[%emt 00:00:20]} Rg2+ {[%clk 00:16:12]} {[%emt
00:00:31]} 53. Kd1 {[%clk 00:05:07]} {[%emt 00:01:07]} d4 {[%clk 00:15:14]}
{[%emt 00:01:29]} 54. Ke1 {[%clk 00:04:12]} {[%emt 00:01:24]} Kd5 {[%clk
00:15:24]} {[%emt 00:00:21]} 55. Kf1 {[%clk 00:04:06]} {[%emt 00:00:36]} Rb2
{[%clk 00:15:34]} {[%emt 00:00:20]} 56. Ke1 {[%clk 00:04:07]} {[%emt 00:00:28]}
Ke4 {[%clk 00:15:23]} {[%emt 00:00:40]} 57. Kd1 {[%clk 00:02:16]} {[%emt
00:02:21]} d3 {[%clk 00:13:35]} {[%emt 00:02:20]} 58. Ra7 {[%clk 00:02:07]}
{[%emt 00:00:40]} Ke3 {[%clk 00:12:29]} {[%emt 00:01:35]} 59. Re7+ {[%clk
00:02:27]} {[%emt 00:00:09]} Kf3 {[%clk 00:12:40]} {[%emt 00:00:21]} 60. Rxh7
{[%clk 00:02:21]} {[%emt 00:00:36]} Kxg3 {[%clk 00:12:13]} {[%emt 00:00:56]}
61. Rh6 {[%clk 00:01:07]} {[%emt 00:01:43]} Kxf4 {[%clk 00:11:52]} {[%emt
00:00:53]} 62. Rxg6 {[%clk 00:01:26]} {[%emt 00:00:10]} Rh2 {[%clk 00:11:52]}
{[%emt 00:00:31]} 63. Rd6 {[%clk 00:01:17]} {[%emt 00:00:39]} Ke4 {[%clk
00:10:43]} {[%emt 00:01:39]} 64. Rh6 {[%clk 00:00:42]} {[%emt 00:01:05]} f4
{[%clk 00:08:15]} {[%emt 00:02:57]} 65. Rh8 {[%clk 00:01:04]} {[%emt 00:00:08]}
f3 {[%clk 00:07:36]} {[%emt 00:01:10]} 66. Re8+ {[%clk 00:01:20]} {[%emt
00:00:12]} Kf4 {[%clk 00:07:49]} {[%emt 00:00:14]} 67. Rf8+ {[%clk 00:01:08]}
{[%emt 00:00:46]} Kg4 {[%clk 00:07:44]} {[%emt 00:00:35]} 68. Rg8+ {[%clk
00:00:46]} {[%emt 00:00:51]} Kh3 {[%clk 00:07:49]} {[%emt 00:00:26]} 69. Rd8
{[%clk 00:00:34]} {[%emt 00:00:42]} f2 {[%clk 00:07:04]} {[%emt 00:01:15]} 70.
Rxd3+ {[%clk 00:00:58]} {[%emt 00:00:07]} Kg2 {[%clk 00:07:26]} {[%emt
00:00:07]} 71. Rd2 {[%clk 00:01:13]} {[%emt 00:00:15]} Kg1 {[%clk 00:07:33]}
{[%emt 00:00:24]} 0-1

[Event "DEM U14w 2024"]
[Site "Willingen GER"]
[Date "2024.05.23"]
[Round "7"]
[White "Kutz, Ida Klara"]
[Black "Fischermann, Charlotte"]
[Result "1-0"]
[Termination "normal"]
[Board "9"]
[WhiteElo "1690"]
[BlackElo "1622"]
[WhiteClock "00:05:27"]
[BlackClock "00:44:32"]
[PlyCount "145"]
[WhiteFideId "16296257"]
[BlackFideId "34619690"]
[EventCountry "GER"]
[EventRounds "9"]
[EventType "swiss"]
[EventDate "2024.05.18"]

1. Nf3 {[%clk 01:30:54]} {[%emt 00:00:02]} g6 {[%clk 01:30:49]} {[%emt
00:00:27]} 2. g3 {[%clk 01:31:16]} {[%emt 00:00:14]} Bg7 {[%clk 01:31:14]}
{[%emt 00:00:04]} 3. d4 {[%clk 01:31:40]} {[%emt 00:00:04]} d5 {[%clk
01:31:30]} {[%emt 00:00:17]} 4. Bg2 {[%clk 01:32:03]} {[%emt 00:00:04]} Nf6
{[%clk 01:31:50]} {[%emt 00:00:13]} 5. c4 {[%clk 01:32:18]} {[%emt 00:00:06]}
dxc4 {[%clk 01:31:58]} {[%emt 00:00:13]} 6. Qa4+ {[%clk 01:32:23]} {[%emt
00:00:24]} c6 {[%clk 01:31:20]} {[%emt 00:01:08]} 7. Qxc4 {[%clk 01:32:36]}
{[%emt 00:00:17]} Bf5 {[%clk 01:29:25]} {[%emt 00:02:25]} 8. O-O {[%clk
01:30:49]} {[%emt 00:02:17]} h6 {[%clk 01:28:07]} {[%emt 00:01:49]} 9. Nc3
{[%clk 01:26:25]} {[%emt 00:04:54]} Nbd7 {[%clk 01:27:27]} {[%emt 00:01:10]}
10. Nh4 {[%clk 01:22:13]} {[%emt 00:04:41]} Be6 {[%clk 01:24:02]} {[%emt
00:03:56]} 11. Qd3 {[%clk 01:21:37]} {[%emt 00:01:06]} Nb6 {[%clk 01:23:18]}
{[%emt 00:01:13]} 12. b3 {[%clk 01:18:12]} {[%emt 00:03:56]} Qd7 {[%clk
01:21:27]} {[%emt 00:02:20]} 13. Bb2 {[%clk 01:11:44]} {[%emt 00:06:59]} Rd8
{[%clk 01:16:02]} {[%emt 00:05:55]} 14. Nf3 {[%clk 01:05:50]} {[%emt 00:06:23]}
O-O {[%emt 00:06:07]} 15. Rfd1 {[%clk 01:00:44]} {[%emt 00:05:16]} Nfd5 {[%clk
01:09:47]} {[%emt 00:01:29]} 16. Ne4 {[%clk 00:53:34]} {[%emt 00:07:40]} Bf5
{[%clk 01:07:39]} {[%emt 00:02:37]} 17. Nh4 {[%clk 00:53:06]} {[%emt 00:00:58]}
Bxe4 {[%clk 01:07:47]} {[%emt 00:00:22]} 18. Bxe4 {[%clk 00:52:42]} {[%emt
00:00:54]} Nf6 {[%clk 01:05:46]} {[%emt 00:02:32]} 19. Bg2 {[%clk 00:45:39]}
{[%emt 00:07:32]} Nh7 {[%clk 01:03:46]} {[%emt 00:02:30]} 20. Rac1 {[%clk
00:37:48]} {[%emt 00:08:21]} Ng5 {[%clk 01:02:19]} {[%emt 00:01:57]} 21. Nf3
{[%clk 00:25:36]} {[%emt 00:12:43]} Nxf3+ {[%clk 01:02:04]} {[%emt 00:00:44]}
22. Qxf3 {[%clk 00:24:57]} {[%emt 00:01:09]} Qc7 {[%clk 01:00:07]} {[%emt
00:02:27]} 23. e3 {[%clk 00:18:21]} {[%emt 00:07:06]} e6 {[%clk 00:59:49]}
{[%emt 00:00:48]} 24. b4 {[%clk 00:12:46]} {[%emt 00:06:06]} Qd6 {[%clk
00:55:28]} {[%emt 00:04:50]} 25. b5 {[%clk 00:10:36]} {[%emt 00:02:41]} cxb5
{[%clk 00:52:00]} {[%emt 00:03:57]} 26. Qxb7 {[%clk 00:10:33]} {[%emt
00:00:34]} Rd7 {[%clk 00:49:50]} {[%emt 00:02:40]} 27. Qc6 {[%clk 00:10:37]}
{[%emt 00:00:25]} Qb4 {[%clk 00:47:53]} {[%emt 00:02:22]} 28. Qc3 {[%clk
00:09:41]} {[%emt 00:01:31]} Nd5 {[%clk 00:45:37]} {[%emt 00:02:46]} 29. Qxb4
{[%clk 00:09:10]} {[%emt 00:01:02]} Nxb4 {[%clk 00:45:54]} {[%emt 00:00:13]}
30. Ba3 {[%clk 00:09:14]} {[%emt 00:00:26]} Nxa2 {[%clk 00:44:43]} {[%emt
00:01:40]} 31. Rc2 {[%clk 00:09:34]} {[%emt 00:00:11]} b4 {[%clk 00:44:44]}
{[%emt 00:00:29]} 32. Rxa2 {[%clk 00:09:59]} {[%emt 00:00:05]} bxa3 {[%clk
00:45:05]} {[%emt 00:00:10]} 33. Rxa3 {[%clk 00:10:18]} {[%emt 00:00:10]} Rc8
{[%clk 00:44:48]} {[%emt 00:00:45]} 34. d5 {[%clk 00:06:44]} {[%emt 00:04:05]}
exd5 {[%clk 00:43:29]} {[%emt 00:01:49]} 35. Bh3 {[%clk 00:07:07]} {[%emt
00:00:07]} f5 {[%clk 00:42:23]} {[%emt 00:01:36]} 36. e4 {[%clk 00:07:27]}
{[%emt 00:00:10]} Rcd8 {[%clk 00:40:52]} {[%emt 00:02:01]} 37. exf5 {[%clk
00:06:34]} {[%emt 00:01:23]} Bf8 {[%clk 00:37:58]} {[%emt 00:03:24]} 38. Ra5
{[%clk 00:04:55]} {[%emt 00:02:10]} g5 {[%clk 00:36:07]} {[%emt 00:02:19]} 39.
f6 {[%clk 00:04:09]} {[%emt 00:01:17]} Rd6 {[%clk 00:35:40]} {[%emt 00:00:57]}
40. Rdxd5 {[%clk 00:01:42]} {[%emt 00:02:58]} Kf7 {[%clk 00:28:54]} {[%emt
00:07:15]} 41. Rxa7+ {[%clk 00:29:24]} {[%emt 00:02:49]} Kg6 {[%clk 00:58:11]}
{[%emt 00:01:11]} 42. Rxd6 {[%clk 00:21:44]} {[%emt 00:08:11]} Rxd6 {[%clk
00:57:35]} {[%emt 00:01:06]} 43. f7 {[%clk 00:21:30]} {[%emt 00:00:44]} Rf6
{[%clk 00:57:33]} {[%emt 00:00:31]} 44. Bg4 {[%clk 00:19:39]} {[%emt 00:02:22]}
Bc5 {[%clk 00:53:46]} {[%emt 00:04:17]} 45. Rc7 {[%clk 00:13:10]} {[%emt
00:06:59]} Bxf2+ {[%clk 00:50:55]} {[%emt 00:03:21]} 46. Kg2 {[%emt 00:01:23]}
Kg7 {[%clk 00:49:34]} {[%emt 00:01:27]} 47. Bh5 {[%clk 00:11:57]} {[%emt
00:01:15]} Bb6 {[%clk 00:46:16]} {[%emt 00:03:48]} 48. Rc8 {[%clk 00:09:40]}
{[%emt 00:02:47]} Rxf7 {[%clk 00:42:51]} {[%emt 00:03:55]} 49. Bxf7 {[%clk
00:10:01]} {[%emt 00:00:08]} Kxf7 {[%clk 00:43:17]} {[%emt 00:00:04]} 50. Rc6
{[%clk 00:10:25]} {[%emt 00:00:06]} Bd8 {[%clk 00:43:05]} {[%emt 00:00:43]} 51.
Rxh6 {[%clk 00:07:54]} {[%emt 00:03:00]} Kg7 {[%clk 00:42:48]} {[%emt
00:00:46]} 52. Rd6 {[%clk 00:06:13]} {[%emt 00:02:12]} Bf6 {[%clk 00:41:13]}
{[%emt 00:02:05]} 53. Kf3 {[%clk 00:04:40]} {[%emt 00:02:03]} Be7 {[%clk
00:40:42]} {[%emt 00:01:01]} 54. Re6 {[%clk 00:03:35]} {[%emt 00:01:35]} Bf6
{[%clk 00:40:00]} {[%emt 00:01:13]} 55. Rxf6 {[%clk 00:03:11]} {[%emt
00:00:54]} Kxf6 {[%clk 00:40:24]} {[%emt 00:00:06]} 56. Kg4 {[%clk 00:03:34]}
{[%emt 00:00:06]} Kg6 {[%clk 00:40:22]} {[%emt 00:00:32]} 57. h3 {[%clk
00:03:44]} {[%emt 00:00:20]} Kh6 {[%clk 00:40:32]} {[%emt 00:00:21]} 58. Kf5
{[%clk 00:03:26]} {[%emt 00:00:47]} Kh5 {[%clk 00:40:40]} {[%emt 00:00:22]} 59.
g4 {[%clk 00:03:23]} {[%emt 00:00:33]} Kh6 {[%clk 00:40:42]} {[%emt 00:00:29]}
60. Kf6 {[%clk 00:03:43]} {[%emt 00:00:09]} Kh7 {[%clk 00:41:01]} {[%emt
00:00:11]} 61. Kxg5 {[%clk 00:03:56]} {[%emt 00:00:17]} Kg7 {[%clk 00:41:21]}
{[%emt 00:00:10]} 62. Kf5 {[%clk 00:03:53]} {[%emt 00:00:33]} Kf7 {[%clk
00:41:29]} {[%emt 00:00:22]} 63. g5 {[%clk 00:03:57]} {[%emt 00:00:26]} Kg7
{[%clk 00:41:45]} {[%emt 00:00:14]} 64. Ke6 {[%clk 00:03:12]} {[%emt 00:01:14]}
Kg6 {[%clk 00:41:54]} {[%emt 00:00:21]} 65. h4 {[%clk 00:03:37]} {[%emt
00:00:06]} Kg7 {[%clk 00:42:15]} {[%emt 00:00:09]} 66. h5 {[%clk 00:03:43]}
{[%emt 00:00:23]} Kg8 {[%emt 00:00:11]} 67. Kf6 {[%clk 00:03:22]} {[%emt
00:00:50]} Kf8 {[%clk 00:42:54]} {[%emt 00:00:12]} 68. g6 {[%clk 00:03:30]}
{[%emt 00:00:21]} Kg8 {[%emt 00:00:19]} 69. g7 Kh7 {[%clk 00:43:40]} {[%emt
00:00:04]} 70. Kf7 {[%clk 00:04:17]} {[%emt 00:00:04]} Kh6 {[%clk 00:43:59]}
{[%emt 00:00:11]} 71. g8=Q {[%clk 00:04:40]} {[%emt 00:00:08]} Kxh5 {[%clk
00:44:20]} {[%emt 00:00:09]} 72. Qg3 {[%clk 00:05:00]} {[%emt 00:00:09]} Kh6
{[%clk 00:44:32]} {[%emt 00:00:19]} 73. Qg6# {[%clk 00:05:27]} {[%emt
00:00:03]} 1-0

[Event "DEM U14w 2024"]
[Site "Willingen GER"]
[Date "2024.05.23"]
[Round "7"]
[White "Vogt, Luna"]
[Black "Rafikova, Ailin"]
[Result "1-0"]
[Termination "normal"]
[Board "10"]
[WhiteElo "1666"]
[BlackElo "1627"]
[WhiteClock "00:15:40"]
[BlackClock "00:01:02"]
[PlyCount "71"]
[WhiteFideId "34607153"]
[BlackFideId "34612173"]
[EventCountry "GER"]
[EventRounds "9"]
[EventType "swiss"]
[EventDate "2024.05.18"]

1. d4 {[%clk 01:30:57]} {[%emt 00:00:03]} Nf6 {[%clk 01:30:56]} {[%emt
00:00:10]} 2. c4 {[%clk 01:31:19]} {[%emt 00:00:15]} g6 {[%clk 01:31:14]}
{[%emt 00:00:17]} 3. Nc3 {[%clk 01:31:43]} {[%emt 00:00:04]} Bg7 {[%clk
01:31:42]} {[%emt 00:00:02]} 4. e4 {[%clk 01:32:06]} {[%emt 00:00:09]} d6
{[%clk 01:32:06]} {[%emt 00:00:06]} 5. Nf3 {[%clk 01:32:32]} {[%emt 00:00:01]}
O-O {[%clk 01:32:27]} {[%emt 00:00:08]} 6. h3 {[%clk 01:32:53]} {[%emt
00:00:11]} e5 {[%clk 01:30:44]} {[%emt 00:01:57]} 7. d5 {[%clk 01:33:11]}
{[%emt 00:00:11]} a5 {[%clk 01:29:44]} {[%emt 00:01:31]} 8. Be3 {[%clk
01:33:20]} {[%emt 00:00:21]} Na6 {[%clk 01:28:54]} {[%emt 00:01:20]} 9. g4
{[%clk 01:33:26]} {[%emt 00:00:23]} b6 {[%clk 01:22:52]} {[%emt 00:06:33]} 10.
Nd2 {[%clk 01:32:05]} {[%emt 00:01:52]} Nc5 {[%clk 01:19:25]} {[%emt 00:03:56]}
11. Be2 {[%clk 01:29:37]} {[%emt 00:02:57]} Ne8 {[%clk 01:15:29]} {[%emt
00:04:26]} 12. h4 {[%clk 01:28:48]} {[%emt 00:01:19]} f5 {[%clk 01:10:48]}
{[%emt 00:05:12]} 13. g5 {[%clk 01:25:17]} {[%emt 00:04:00]} Nxe4 {[%clk
00:56:42]} {[%emt 00:14:36]} 14. Ndxe4 {[%clk 01:24:50]} {[%emt 00:00:57]} fxe4
{[%clk 00:56:28]} {[%emt 00:00:45]} 15. Nxe4 {[%clk 01:24:48]} {[%emt
00:00:31]} Bf5 {[%clk 00:47:13]} {[%emt 00:09:46]} 16. Ng3 {[%clk 01:21:48]}
{[%emt 00:03:29]} Bh8 {[%clk 00:45:09]} {[%emt 00:02:35]} 17. Qd2 {[%clk
01:18:03]} {[%emt 00:04:14]} Ng7 {[%clk 00:43:10]} {[%emt 00:02:30]} 18. O-O-O
{[%clk 01:17:20]} {[%emt 00:01:13]} Bd7 {[%clk 00:41:25]} {[%emt 00:02:15]} 19.
h5 {[%clk 01:16:51]} {[%emt 00:00:59]} Nf5 {[%emt 00:03:00]} 20. hxg6 {[%clk
01:15:12]} {[%emt 00:02:08]} hxg6 {[%clk 00:39:20]} {[%emt 00:00:07]} 21. Ne4
{[%clk 01:08:34]} {[%emt 00:07:07]} Rb8 {[%clk 00:36:13]} {[%emt 00:03:37]} 22.
Rh2 {[%clk 01:02:53]} {[%emt 00:06:08]} Bg7 {[%clk 00:32:02]} {[%emt 00:04:43]}
23. Rdh1 {[%clk 00:55:46]} {[%emt 00:07:37]} Kf7 {[%clk 00:28:41]} {[%emt
00:03:51]} 24. Bd3 {[%clk 00:46:11]} {[%emt 00:10:05]} Rh8 {[%clk 00:21:39]}
{[%emt 00:07:33]} 25. Rh7 {[%clk 00:40:39]} {[%emt 00:06:02]} Rxh7 {[%clk
00:19:45]} {[%emt 00:02:24]} 26. Rxh7 {[%clk 00:41:00]} {[%emt 00:00:09]} Ke7
{[%clk 00:15:07]} {[%emt 00:05:08]} 27. Qd1 {[%clk 00:29:52]} {[%emt 00:11:37]}
Kf8 {[%clk 00:11:36]} {[%emt 00:04:02]} 28. Qh1 {[%clk 00:29:18]} {[%emt
00:01:03]} Rc8 {[%clk 00:08:52]} {[%emt 00:03:15]} 29. Bd2 {[%clk 00:25:20]}
{[%emt 00:04:27]} Qe8 {[%clk 00:05:17]} {[%emt 00:04:06]} 30. Nf6 {[%clk
00:24:01]} {[%emt 00:01:48]} Qd8 {[%clk 00:04:19]} {[%emt 00:01:29]} 31. Rh8+
{[%clk 00:16:38]} {[%emt 00:07:53]} Bxh8 {[%clk 00:03:51]} {[%emt 00:00:58]}
32. Qxh8+ {[%clk 00:17:01]} {[%emt 00:00:06]} Kf7 {[%clk 00:01:19]} {[%emt
00:03:03]} 33. Qh7+ {[%clk 00:17:05]} {[%emt 00:00:25]} Kf8 {[%clk 00:01:05]}
{[%emt 00:00:46]} 34. Bxf5 {[%clk 00:15:20]} {[%emt 00:02:14]} Bxf5 {[%clk
00:00:38]} {[%emt 00:00:56]} 35. Qg8+ {[%clk 00:15:40]} {[%emt 00:00:10]} Ke7
{[%clk 00:01:02]} {[%emt 00:00:06]} 36. Qg7# {[%emt 00:00:22]} 1-0